000 01351nam0a22002531 4500
001 rc\2814167
005 20250806210951.0
035 _a(NLR Aleph) 006939957
090 _a38283
_c38283
100 _a20110915d1945 u y0rusy50 ca
101 0 _arus
102 _aRU
105 _ay z |||||
200 1 _aО мероприятиях по увеличению производства товаров широкого потребления и продовольственных товаров предприятиями местной промышленности, промысловой кооперации и кооперации инвалидов
_e[Постановл. СНК СССР]
_a[Положения о премиальной системе оплаты труда и другие материалы]
210 _a[Ленинград]
_cЛениздат
_d1945
_gтип. № 10 Упр. изд-в и полиграфии Исполкома Ленгорсовета
215 _a24 с., без тит. л.
_d20 см.
710 0 1 _aСССР
_bСовет Народных Комиссаров
_3RU\NLR\AUTH\8810020782
801 0 _aRU
_bNLR
_gpsbo
801 1 _aRU
_bELAR
_2rusmarc
852 _aNLR
_jЭк40 Г-4/179
942 _cBOOK
945 _aРоссийская национальная библиотека
980 _aNB
980 _aBV